header

The rise and fall of meter (Record no. 148292)

MARC details
000 -LEADER
fixed length control field 01636nam a2200409Ia 4500
082 04 - DEWEY DECIMAL CLASSIFICATION NUMBER
Classification number 821/.809
100 1# - MAIN ENTRY--AUTHOR NAME
Personal name Martin, Meredith,
245 14 - TITLE STATEMENT
Title The rise and fall of meter
250 ## - EDITION STATEMENT
Edition statement 1st ed.
260 ## - PUBLICATION, DISTRIBUTION, ETC. (IMPRINT)
Place of publication Princeton, NJ :
Name of publisher Princeton University Press,
Year of publication c2012.
300 ## - PHYSICAL DESCRIPTION
Number of Pages x, 274 p.
650 #0 - SUBJECT ADDED ENTRY--TOPICAL TERM
Topical Term English poetry
Topical Term English poetry
Topical Term English language
Topical Term National characteristics, English, in literature.
Topical Term Poetics
Topical Term Poetics
856 40 - ELECTRONIC LOCATION AND ACCESS
Uniform Resource Identifier http://site.ebrary.com/lib/rucke/Doc?id=10533608

No items available.

© 2026 Rongo University
Contact us: librarian | system librarian | Rongo university